| 000 | 00422nam a2200181Ia 4500 | ||
|---|---|---|---|
| 008 | 170918s9999 xx 000 0 und d | ||
| 020 | _a9780312641573 | ||
| 050 | _bG211ho 2002 | ||
| 100 | _aGantos, Jack | ||
| 245 | _aHole in my life / | ||
| 245 | _cby Jack Gantos. | ||
| 260 | _aNew York : | ||
| 260 | _bSquare Fish, | ||
| 260 | _c2002 | ||
| 300 | _a199 pages : | ||
| 300 | _billustrations : | ||
| 300 | _c21cm. | ||
| 999 |
_c344117 _d344117 |
||